000 00955nas a2200301 4500
001 BR2013006334
003 BR-BrBNA
005 20231205122758.0
007 ta
008 230509b bl.|||p| |||| 00| 00por d
040 _aBR-BrBNA
_bpor
_cBiblioteca Nacional de Agricultura
041 _a(Pt)
072 _aU40; P40; U10
100 1 _aLopes, P.M.O.
100 1 _aValeriano, D.M.
100 1 _aSilva, B.B. da
100 1 _aMoura, G.B. de A.
100 1 _aSilva, A.O.
245 1 _aSimulação do saldo de radiação na Serra da Mantiqueira
650 _aDESMATAMENTO
650 _aRADIAÇÃO SOLAR
650 _aSATÉLITE
650 _aMODELO DE SIMULAÇÃO
773 0 _tRevista Brasileira de Engenharia Agrícola e Ambiental (Brazil)
_xISSN 1807-1929
_g(Jul 2013), v. 17(7) p. 780-789
_wBR2013006334
856 4 0 _uhttp://www.scielo.br/pdf/rbeaa/v17n7/a13v17n7.pdf
909 _a202311
_bLúcia
_c55
_dLúcia Elande
942 _2AGRIS
_n0
_cANA
999 _c230510
_d230510